Quel avenir pour les compétences?

Zapisane w:
Opis bibliograficzny
Główni autorzy: Bosman, Christiane (Autor), Gerard, Francois-Marie (Autor), Roegiers, Xavier (Autor)
Format: Książka
Język:francuski
Wydane: Bruselas De Boeck & Larcier 2000
Seria:Pédagogies en Développement
Hasła przedmiotowe:
Etykiety: Dodaj etykietę
Nie ma etykietki, Dołącz pierwszą etykiete!

MARC

LEADER 00000nam a2200000 a 4500
001 UCN7744
003 CL-VaPUC
008 011026e20000000BE |||||||||||||||||fre|d
082 0 4 |a 370.15  |b BOS  |2 21 
100 0 |a Bosman, Christiane  |e author  |9 463787 
700 0 |a Gerard, Francois-Marie  |e author  |9 463788 
700 0 |a Roegiers, Xavier  |e author  |9 63 
245 1 0 |a Quel avenir pour les compétences? 
300 |a 202 p 
942 |c BK 
945 |d 20011026 00:00:00  |a cmena 
260 |a Bruselas  |b De Boeck & Larcier  |c 2000 
650 0 |a Psicología educacional   |9 307830 
650 0 |a Competitividad   |9 308495 
650 0 |a Desarrollo individual   |9 307875 
650 0 |a Métodos de enseñanza  |9 270413 
583 |a last modification  |c 20011026 00:00:00  |k Rodrigo Vera 
490 0 |a Pédagogies en Développement 
999 |c 297953  |d 297951 
952 |0 0  |1 0  |4 0  |6 370_150000000000000_BOS_2000  |7 0  |8 A  |9 353013  |a BIBMAT  |b BIBMAT  |c E_DIDACT  |d 2019-11-21  |i 3666557  |o 370.15 BOS 2000  |p 3666557  |r 2025-01-07  |w 2019-11-21  |y BK  |k MAT